Sanat - "Enkeli taivaan" - Statistics

Yleistilastot
  • Tätä visaa on pelattu 456 kertaa
  • Keskiarvotulos 54 / 158
Vastaustilastot
Sanat % Oikein
enk'
100%
lausui
100%
Enkeli
99%
näin:
99%
Näin
99%
taivaan
99%
Taivaan
99%
"Miks'
97%
95%
95%
ilmoitan
92%
ilon
92%
suuren
92%
hämmästyitte
90%
nyt
89%
Nyt
89%
säikähtäin?
89%
ken
86%
on
84%
maan
83%
kansoille
82%
tulevan."
82%
syntynyt,
78%
teille
75%
lapsi
74%
seimessä
73%
Herra,
72%
tänään
72%
ja
71%
makaapi."
70%
makaapi.
70%
tää
70%
tänne
70%
Kristus
69%
Poika,
69%
merkiksi:
68%
kun
66%
Herramme
64%
ain'
61%
antoi
60%
Jumalalle
60%
kunnia,
60%
Poikansa!
60%
ainoon
59%
kiitoksen
53%
riemuiten
53%
enkelitkin
52%
hälle
52%
veisaavat
51%
Siit'
48%
Hän
32%
Jumalan
29%
Jo
25%
Oi
19%
oi
19%
katso,
18%
riennä,
18%
sun
18%
Herras',
17%
Jeesukses'!
17%
Kristukses',
16%
ei
15%
sieluni,
13%
et
10%
Kuningas,
9%
noin
9%
terve
9%
tultuas!
9%
kaikki
8%
armias.
7%
hylkää,
7%
hylkää
7%
jos
7%
kuink'
7%
niin
7%
sua
7%
Syntist'
7%
' tulit,
7%
vaan
7%
joka
6%
kiittäisin?
6%
köyhäks
6%
kuinka
6%
kyllin
6%
rikkahin,
6%
tee
6%
Vain
6%
valta,
6%
Ah,
5%
ed
5%
essäs',
5%
halpaan
5%
heinille
5%
itses
5%
kulta,
5%
loit,
5%
seimehen
5%
tulla
5%
vaikk'
5%
voit
5%
alentaa
4%
härkäin,
4%
heinät
4%
juhtien?
4%
korkeus,
4%
ois,
4%
rikkaus.
4%
vuoteenas,
4%
arvoiset.
3%
eivät
3%
esimerkilläs',
3%
ettei
3%
Herrani,
3%
Jeesuksein,
3%
kelpaa
3%
kultavaattehet
3%
mun
3%
näytät
3%
oisi
3%
valtas'
3%
aina
2%
älä
2%
asunnokses'
2%
koskaan
2%
Mua
2%
sydämein!
2%
uskossa.
2%
vahvista
2%
armosta,
1%
iloni,
1%
kiitän
1%
riemulla.
1%
siihen
1%
sinuss'
1%
Suo
1%
unhoittaa
1%
vois!
1%
apus'
0%
tuskissa,
0%
Ehtoja vastaavia visoja ei löytynyt
Tulosjakauma
Jokaisen tuloksen saaneiden osuus
Persentiili vastausten määrän mukaan
Tuloshistoriasi
Et ole pelannut tätä visaa